Invitation to Social Research (Record no. 87488)

MARC details
000 -LEADER
fixed length control field 00516nam a2200193Ia 4500
008 - FIXED-LENGTH DATA ELEMENTS--GENERAL INFORMATION
fixed length control field 230125s9999 xx 000 0 und d
020 ## - INTERNATIONAL STANDARD BOOK NUMBER
International Standard Book Number 978-81-315-0657-8
041 ## - LANGUAGE CODE
Language code of text/sound track or separate title eng
082 ## - DEWEY DECIMAL CLASSIFICATION NUMBER
Classification number 658.018
Item number ADL/CLA
100 ## - MAIN ENTRY--PERSONAL NAME
Personal name Adler E S
9 (RLIN) 110616
245 ## - TITLE STATEMENT
Title Invitation to Social Research
260 ## - PUBLICATION, DISTRIBUTION, ETC. (IMPRINT)
Date of publication, distribution, etc. 2008
Name of publisher, distributor, etc. Cengage Learning
Place of publication, distribution, etc. New Delhi
300 ## - PHYSICAL DESCRIPTION
Extent 403p
500 ## - GENERAL NOTE
Keywords Research methodology
650 ## - SUBJECT ADDED ENTRY--TOPICAL TERM
Topical term or geographic name as entry element Research Methodology
700 ## - ADDED ENTRY--PERSONAL NAME
Personal name Adler E S & Clark R
9 (RLIN) 110617
906 ## - LOCAL DATA ELEMENT F, LDF (RLIN)
b 81
Holdings
Withdrawn status Lost status Damaged status Not for loan Home library Current library Date acquired Vendor Cost, normal purchase price Bill number Total Checkouts Full call number Barcode Date last seen Cost, replacement price Bill Date Koha item type Original Barcode
        Smt. Hiraben Nanavati Institute of Management & Research for Women Smt. Hiraben Nanavati Institute of Management & Research for Women 20/07/2011 Pritam Book Centre 325.00 8007   658.018 ADL/CLA B10531 HIMR-BK-10531 25/01/2023 244.00 19/07/2011 Books B10531